The chemical elements and their compounds (Record no. 79285)

MARC details
000 -LEADER
fixed length control field 00701nam a2200157 a 4500
008 - FIXED-LENGTH DATA ELEMENTS--GENERAL INFORMATION
fixed length control field 120416s1950 ||||||||||||||||| || u
050 ## - LIBRARY OF CONGRESS CALL NUMBER
Classification number QD 181 Sid
100 ## - MAIN ENTRY--PERSONAL NAME
Personal name Sidgwick, N. V
245 14 - TITLE STATEMENT
Title The chemical elements and their compounds
260 ## - PUBLICATION, DISTRIBUTION, ETC.
Place of publication, distribution, etc. Oxford
Name of publisher, distributor, etc. Claredon Press
Date of publication, distribution, etc. 1950
350 ## -
-- 0.00
650 #0 - SUBJECT ADDED ENTRY--TOPICAL TERM
Topical term or geographic name entry element CHEMISTRY--HANDBOOKS, MANUALS, ETC
650 #0 - SUBJECT ADDED ENTRY--TOPICAL TERM
Topical term or geographic name entry element CHEMICAL ELEMENTS
995 ## -
-- REFERENCE BOOKS
-- 0.00
-- 720432
-- CBU-MAIN LIBRARY (Kitwe)
-- 1
-- 10.00
-- QD 181 SID
-- 1
-- REFERENCE
-- Jun 28, 2006
-- 012334
-- Reference Collection
995 ## -
-- ANNEX COLLECTION (Main Library)
-- 0.00
-- 720431
-- CBU-MAIN LIBRARY (Kitwe)
-- 2
-- 10.00
-- QD 181 Sid
-- 2
-- AVAILABLE
-- Mar 9, 2007
-- 012335
-- Annex Low-Usage Collection
999 ## -
-- 79285
-- 79285

No items available.